[Event "Vladivostok op"]
[Site "Vladivostok"]
[Date "2011.03.29"]
[Round "4"]
[White "Frolov, Evgeniy"]
[Black "Pogosyan, Yuriy"]
[Result "1/2-1/2"]
[WhiteElo "1567"]
[BlackElo "1857"]
[PlyCount "69"]
[EventDate "2011.03.26"]
[EventType "swiss"]
[EventRounds "9"]
[EventCountry "RUS"]
[SourceTitle "CBM 141 Extra"]
[Source "ChessBase"]
[SourceDate "2011.05.03"]
[SourceVersion "1"]
[SourceVersionDate "2011.05.03"]
[SourceQuality "1"]

1. e4 c6 2. d4 d5 3. Nc3 dxe4 4. Nxe4 Nf6 5. Nc5 e6 6. Be3 Nbd7 7. Nb3 Be7 8. Nf3 0-0 9. Ne5 Nxe5 10. dxe5 Nd5 11. Qf3 Qc7 12. Qg3 Nxe3 13. Qxe3 Rd8 14. c4 Bb4+ 15. Ke2 b6 16. a3 Be7 17. g3 Bb7 18. Bg2 c5 19. Bxb7 Qxb7 20. Rhd1 Qc7 21. a4 a6 22. Qe4 Rab8 23. Kf1 Rd7 24. Rxd7 Qxd7 25. a5 b5 26. Rc1 bxc4 27. Qxc4 Qb5 28. Qxb5 Rxb5 29. Rc3 g6 30. h4 c4 31. Nd4 Rxb2 32. Rxc4 Ra2 33. Nc6 Kf8 34. Kg2 Ke8 35. Nb8 1/2-1/2

[Event "Vladivostok op"]
[Site "Vladivostok"]
[Date "2011.03.26"]
[Round "1"]
[White "Li, Albert"]
[Black "Frolov, Evgeniy"]
[Result "1-0"]
[WhiteElo "2012"]
[BlackElo "1567"]
[PlyCount "63"]
[EventDate "2011.03.26"]
[EventType "swiss"]
[EventRounds "9"]
[EventCountry "RUS"]
[SourceTitle "CBM 141 Extra"]
[Source "ChessBase"]
[SourceDate "2011.05.03"]
[SourceVersion "1"]
[SourceVersionDate "2011.05.03"]
[SourceQuality "1"]

1. e4 c5 2. Nf3 e6 3. d4 cxd4 4. Nxd4 a6 5. Nc3 Qc7 6. Be2 Nf6 7. a3 b5 8. Nb3 Bb7 9. f3 b4 10. axb4 Bxb4 11. Bd2 Nc6 12. Ra4 a5 13. 0-0 Qb6+ 14. Kh1 0-0 15. Bg5 Bxc3 16. bxc3 Ne8 17. Qxd7 Nc7 18. Qd2 Ba6 19. Be3 Qb7 20. Nc5 Bxe2 21. Nxb7 Bxf1 22. Ra1 Ba6 23. Nxa5 Bc4 24. Qd6 Nxa5 25. Qxc7 Rfd8 26. Rxa5 Rac8 27. Qa7 h6 28. h3 Rd1+ 29. Kh2 Rcd8 30. Qc7 Be2 31. Ra7 Rf8 32. Bc5 1-0

[Event "Vladivostok-ch"]
[Site "Vladivostok"]
[Date "2010.10.15"]
[Round "1"]
[White "Shelep, Konstantin"]
[Black "Frolov, Evgeniy"]
[Result "1-0"]
[WhiteElo "2031"]
[BlackElo "1615"]
[PlyCount "53"]
[EventDate "2010.10.15"]
[EventType "swiss"]
[EventRounds "9"]
[EventCountry "RUS"]
[SourceTitle "EXT 2022"]
[Source "ChessBase"]
[SourceDate "2021.10.06"]
[SourceVersion "1"]
[SourceVersionDate "2021.10.06"]
[SourceQuality "1"]

1. g4 d5 2. Bg2 Bxg4 3. c4 Nd7 4. Bxd5 c6 5. Bg2 Ngf6 6. Nc3 e5 7. d3 Bb4 8. a3 Bxc3+ 9. bxc3 0-0 10. Be3 Qc7 11. Qc2 Rfe8 12. Rb1 b6 13. Nf3 Rad8 14. Nd2 Bf5 15. Bg5 Bg6 16. Ne4 Re6 17. Bh3 Bxe4 18. dxe4 Rd6 19. f4 Nc5 20. fxe5 Rd2 21. Bxd2 Rxd2 22. Qxd2 Nfxe4 23. Qf4 Nxc3 24. Rc1 N5e4 25. Bf5 g5 26. Qe3 Qxe5 27. 0-0 1-0

[Event "Vladivostok U20 op"]
[Site "Vladivostok"]
[Date "2010.09.25"]
[Round "6"]
[White "Frolov, Evgeniy"]
[Black "Korobko, Aleksey"]
[Result "0-1"]
[WhiteElo "1615"]
[BlackElo "1434"]
[PlyCount "92"]
[EventDate "2010.09.20"]
[EventType "swiss"]
[EventRounds "9"]
[EventCountry "RUS"]
[SourceTitle "CBM 138 Extra"]
[Source "ChessBase"]
[SourceDate "2010.10.29"]
[SourceVersion "1"]
[SourceVersionDate "2010.10.29"]
[SourceQuality "1"]

1. e4 e5 2. Nf3 Nc6 3. Bb5 d6 4. d4 Bd7 5. Bxc6 Bxc6 6. Nc3 Nf6 7. Bg5 Be7 8. Bxf6 Bxf6 9. d5 Bd7 10. 0-0 0-0 11. a4 a6 12. Ne2 b5 13. b3 bxa4 14. bxa4 Qb8 15. Rb1 Qa7 16. c4 Rab8 17. Qc2 Rb7 18. Rxb7 Qxb7 19. Rb1 Qa7 20. Nc3 Rb8 21. Nd2 Bg5 22. Nb3 h6 23. g3 Rb4 24. Na5 Qc5 25. Rxb4 Qxb4 26. Nc6 Qxc4 27. Na5 Qb4 28. h4 Qxa5 29. hxg5 hxg5 30. Qb3 Qb6 31. Qa3 Kh7 32. Qc1 f6 33. Qa3 Qc5 34. Qb3 Qb6 35. Qc4 c6 36. Qe2 c5 37. Nd1 Bxa4 38. Ne3 Qb1+ 39. Nf1 Bb5 40. Qh5+ Kg8 41. Qh3 Qxf1+ 42. Qxf1 Bxf1 43. Kxf1 Kf8 44. Ke2 Ke7 45. Kd3 Kd7 46. f4 gxf4 0-1

[Event "Vladivostok U20 op"]
[Site "Vladivostok"]
[Date "2010.09.21"]
[Round "2"]
[White "Frolov, Evgeniy"]
[Black "Yun, Svetomir"]
[Result "0-1"]
[WhiteElo "1615"]
[BlackElo "2081"]
[PlyCount "80"]
[EventDate "2010.09.20"]
[EventType "swiss"]
[EventRounds "9"]
[EventCountry "RUS"]
[SourceTitle "CBM 138 Extra"]
[Source "ChessBase"]
[SourceDate "2010.10.29"]
[SourceVersion "1"]
[SourceVersionDate "2010.10.29"]
[SourceQuality "1"]

1. d4 Nf6 2. c4 g6 3. Nf3 Bg7 4. Nc3 0-0 5. Bg5 d6 6. e3 c6 7. Bd3 Nbd7 8. 0-0 a6 9. a4 a5 10. e4 h6 11. Bh4 e5 12. d5 Nc5 13. Rb1 Qc7 14. b4 axb4 15. Rxb4 Qa5 16. Na2 Nxa4 17. Rb1 Nc5 18. Bxf6 Bxf6 19. Ra1 Bg4 20. h3 Bxf3 21. Qxf3 Bg7 22. Be2 cxd5 23. cxd5 f5 24. Nc3 Qxa1 25. Rxa1 Rxa1+ 26. Nd1 Nxe4 27. Kh2 Rc8 28. Qb3 Rcc1 29. Qxb7 f4 30. Qb3 Nc3 31. g3 Nxe2 32. Qd3 fxg3+ 33. fxg3 Rxd1 34. Qxe2 Rh1+ 35. Kg2 Rag1+ 36. Kf3 Rxh3 37. Qa6 Rgxg3+ 38. Kf2 Ra3 39. Qc8+ Kh7 40. Kg2 Rhc3 0-1

[Event "Primorie-ch Boys/Girls U16"]
[Site "Lesozavodsk"]
[Date "2010.07.02"]
[Round "10"]
[White "Frolov, Evgeniy"]
[Black "Petko, Darya"]
[Result "0-1"]
[WhiteElo "1567"]
[BlackElo "1810"]
[PlyCount "66"]
[EventDate "2010.06.25"]
[EventType "swiss"]
[EventRounds "11"]
[EventCountry "RUS"]
[SourceTitle "EXT 2022"]
[Source "ChessBase"]
[SourceDate "2021.10.06"]
[SourceVersion "1"]
[SourceVersionDate "2021.10.06"]
[SourceQuality "1"]

1. Nf3 d6 2. b3 e5 3. Bb2 Nd7 4. e3 Be7 5. Be2 Ngf6 6. 0-0 c6 7. h3 0-0 8. d4 Qc7 9. c4 Re8 10. Nbd2 Bf8 11. dxe5 dxe5 12. e4 Nc5 13. Qc2 Nh5 14. Nh4 Nf4 15. Rfe1 Qe7 16. Ndf3 f6 17. Rad1 h5 18. Kh2 g5 19. g3 Nxh3 20. Ng6 Qh7 21. Nxf8 Rxf8 22. Kg2 Qxe4 23. Bd3 Qg4 24. Ba3 Nf4+ 25. Kg1 Ncxd3 26. Bxf8 Nxe1 27. Nxe1 Bf5 28. Qd2 Rxf8 29. Ng2 Nxg2 30. Kxg2 h4 31. Rh1 Be4+ 32. Kg1 Bxh1 33. Kxh1 hxg3 0-1

[Event "Vladivostok Cup"]
[Site "Vladivostok"]
[Date "2010.03.20"]
[Round "2"]
[White "Biryukov, Mikhail"]
[Black "Frolov, Evgeniy"]
[Result "1-0"]
[WhiteElo "2129"]
[BlackElo "1567"]
[PlyCount "87"]
[EventDate "2010.03.19"]
[EventType "swiss"]
[EventRounds "9"]
[EventCountry "RUS"]
[SourceTitle "EXT 2022"]
[Source "ChessBase"]
[SourceDate "2021.10.06"]
[SourceVersion "1"]
[SourceVersionDate "2021.10.06"]
[SourceQuality "1"]

1. e4 e5 2. Nf3 Nc6 3. Bb5 a6 4. Bxc6 dxc6 5. 0-0 Bd6 6. d4 Bg4 7. dxe5 Bxe5 8. Qxd8+ Rxd8 9. Nxe5 Be2 10. Re1 f6 11. Nf3 Bb5 12. Nc3 Ne7 13. Nxb5 cxb5 14. Bf4 c6 15. Rad1 0-0 16. Bd6 Rde8 17. Bxe7 Rxe7 18. e5 fxe5 19. Rxe5 Ref7 20. h3 g6 21. Rde1 Rd8 22. Re8+ Rxe8 23. Rxe8+ Kg7 24. Kf1 Kf6 25. Ke2 Re7+ 26. Rxe7 Kxe7 27. Ke3 Kf6 28. Ke4 h6 29. Ne5 g5 30. g3 Ke6 31. f4 gxf4 32. gxf4 h5 33. f5+ Ke7 34. Kf4 Kf6 35. Nd7+ Ke7 36. Nc5 Kf6 37. Ne4+ Kf7 38. Ke5 Ke7 39. f6+ Kf7 40. Ng5+ Kf8 41. Ke6 Ke8 42. f7+ Kf8 43. Kf6 h4 44. Nh7# 1-0